000 00398nam a2200157Ia 4500
008 230312s9999||||xx |||||||||||||| ||und||
020 _a0-19-522146-x
082 _a658.3
_bHUM
100 _aCait Murphy
245 0 _aHuman Development Report 2004
260 _bU N D P
_aNew York
_c2004
300 _a285
546 _aEng.
650 _aManagement
_vChallenges for cultural Liberty
942 _cBK
999 _c808
_d808